Don’t sweat the small stuff for teens : Simple ways to keep your cool in stressful times (Record no. 29206)

MARC details
000 -LEADER
fixed length control field 00445nam a2200157Ia 4500
020 ## - INTERNATIONAL STANDARD BOOK NUMBER
ISBN 0-7868-8597-1
050 ## - CALL MARK
Classification number BF 637. C5 C32/
100 ## - STATEMENT OF RESPONSIBILITY--MAIN AUTHOR NAME
Personal name Carlson, Richard
245 #0 - TITLE STATEMENT
Title Don’t sweat the small stuff for teens : Simple ways to keep your cool in stressful times
260 ## - PUBLICATION, DISTRIBUTION, ETC. (IMPRINT)
Year of publication 2000
300 ## - PHYSICAL DESCRIPTION
Number of Pages 242 p
650 ## - SUBJECT ADDED ENTRY--TOPICAL TERM
Topical Term Teenagers- conduct of life.
942 ## - ADDED ENTRY ELEMENTS (KOHA)
Koha item type Books
Holdings
Withdrawn status Lost status Source of classification or shelving scheme Damaged status Not for loan Permanent Location Current Location Date acquired Accession Number Price effective from Koha item type
    Library of Congress Classification     NILE UNIVERSITY OF NIGERIA - MAIN LIBRARY NILE UNIVERSITY OF NIGERIA - MAIN LIBRARY 04/23/2025 0001580 04/23/2025 Books